000 00634nam a2200193Ia 4500
003 GCL
008 140319s9999 xx 000 0 ara d
040 _aGCL /
_cGCL
082 0 4 _a610.9
_bم ا
100 1 _aخالد ماغوط
245 1 0 _aابحاث المؤتمر السنوى العاشر لتاريخ العلوم عند العرب /
_cخالد ماغوط
700 1 _aمصطفى شيخ حمزة
300 _a391 ص
490 _aمنشورات جامعة حلب
_v0
650 0 4 _aالعلوم عند العرب
650 0 4 _aالحضارة الاسلامية
650 0 4 _aالعلماء العرب
942 _2ddc
_cBK
999 _c43589
_d43589